| 000 | 00620nam a2200181 i 4500 | ||
|---|---|---|---|
| 001 | bg | ||
| 245 | 0 |
_aKodeks karny : _bkodeks postępowania karnego : kodeks karny wykonawczy / _csłowo wstępne Marian Cieślak ; oprac. Krzysztof Janczukowicz. |
|
| 250 | _aStan prawny na dzień 28 czerwca 1993. Wyd.3. | ||
| 260 |
_aGdańsk : _bWydaw. Prawne i Ekonomiczne "Lex", _c1993. |
||
| 300 |
_a275, [1] s. ; _c21 cm. |
||
| 700 | 1 | _aCIEŚLAK, Marian. | |
| 700 | 1 |
_aJanczukowicz, Krzysztof. _eOprac |
|
| 040 | _cBPK | ||
| 041 | _apol | ||
| 080 | _a343(438)(094.4) | ||
| 942 | _cKS | ||
| 008 | s pl f |000 0 pol | ||
| 999 |
_c29900 _d29900 |
||
| 856 |
_uhttp://koha.tu.koszalin.pl/cgi-bin/koha/opac-detail.pl?biblionumber=29900 _yKatalog online BPK |
||